[Event "URS-FL"]
[Site "Irkutsk"]
[Date "1986.??.??"]
[Round "?"]
[White "Psakhis, Lev"]
[Black "Dokhoian, Yury"]
[Result "1/2-1/2"]
[WhiteElo "2555"]
[BlackElo "2450"]

1.e4 e6 2.d4 d5 3.Nd2 c5 4.exd5 exd5 5.Ngf3 Nc6 6.Bb5 Bd6 7.dxc5 Bxc5 8.O-O Ne7
9.Nb3 Bd6 10.Re1 O-O 11.Bg5 Bg4 12.Be2 Re8 13.c3 a6 14.Bh4 Qb6 15.Nfd4 Bxe2
16.Rxe2 Nxd4 17.Nxd4 Nc6 18.Nf5 Rxe2 19.Qxe2 Be5 20.Rd1 Re8 21.Bg3 g6 22.Nh6+ Kf8
23.Qf3 Nd8 24.Bxe5 Rxe5 25.Ng4 Rf5 26.Qe2 Ne6 27.Ne3 Re5 28.Qd2 Nf4 29.Ng4 Re4
30.Kh1 Nd3 31.Qxd3 Rxg4 32.f3 Rg5 33.Qe2 Qd6 34.Re1 Rf5 35.Qe3 Kg7 36.Kg1 h5
37.Qd4+ Qf6 38.Kf2 Rf4 39.Qxd5 Qh4+ 40.Kf1 Qxh2  1/2-1/2

[Event "Minsk Int"]
[Site "Minsk"]
[Date "1986.??.??"]
[Round "?"]
[White "Gunawan, Ronny"]
[Black "Psakhis, Lev"]
[Result "0-1"]
[WhiteElo "2440"]
[BlackElo "2555"]

1.d4 Nf6 2.c4 e6 3.Nf3 c5 4.Nc3 cxd4 5.Nxd4 Bb4 6.Qb3 Bc5 7.Nf3 Nc6 8.Bg5 Nd4
9.Nxd4 Bxd4 10.e3 Qa5 11.Bxf6 Bxf6 12.Rc1 O-O 13.Be2 d5 14.cxd5 exd5 15.O-O Be6
16.Qb5 Qxb5 17.Bxb5 Rac8 18.Ba4 d4 19.exd4 Bxd4 20.Bb3 Bxb3 21.axb3 Rfd8
22.Rfd1 f5 23.Kf1 Kf7 24.Rd3 Be5 25.Rcd1 Rxd3 26.Rxd3 Ke6 27.g3 a6 28.f4 Bf6
29.Ke2 b5 30.Kd2 Rd8 31.Rxd8 Bxd8 32.Kd3 Bb6 33.Ne2 Kd5 34.b4 g6 35.Nc3+ Kc6
36.Ne2 Bd8 37.b3 Be7 38.Nd4+ Kd5 39.Nc2 Bf6 40.Ne3+ Ke6 41.Nc2 Be7 42.Nd4+ Kd5
43.Nc2 h5 44.Ke3 h4 45.gxh4 Bxh4 46.Kf3 Bf6 47.Ke3 Bd8 48.Kd3 Bc7 49.Ke3 Bd6
50.Kf3 Ke6 51.Nd4+ Kd5 52.Nc2 Ke6 53.Nd4+ Kd7 54.Nc2 Ke8 55.h3 Kf7 56.Ke3 Kg7
57.Nd4 Bxb4 58.Ne6+ Kf6 59.Nc7 Bc5+ 60.Kd3 Bd6 61.Nxa6 Bxf4  0-1

[Event "Minsk Int"]
[Site "Minsk"]
[Date "1986.??.??"]
[Round "?"]
[White "Psakhis, Lev"]
[Black "Paunovic, Dragan"]
[Result "1-0"]
[WhiteElo "2555"]
[BlackElo "2425"]

1.e4 c5 2.Nf3 e6 3.d3 Nc6 4.g3 d5 5.Nbd2 Nf6 6.Bg2 b6 7.O-O Bb7 8.Re1 Be7
9.a3 Qc7 10.c3 O-O 11.e5 Nd7 12.d4 cxd4 13.cxd4 Na5 14.Nf1 Rfc8 15.b4 Nc4
16.h4 b5 17.Ng5 a5 18.Qh5 Bxg5 19.Bxg5 axb4 20.axb4 Ra4 21.Nh2 Rca8 22.Rab1 Nf8
23.Qg4 Qc8 24.h5 Nd7 25.h6 g6 26.Qh4 Qe8 27.Be7 Bc8 28.Ng4 f5 29.exf6 Qf7
30.f4 Nb8 31.f5 gxf5 32.Bxd5 exd5 33.Qg5+ Qg6 34.Qxg6+ hxg6 35.f7+ Kxf7 36.h7 Kg7
37.Bf6+ Kxh7 38.Re7+ Kg8 39.Nh6+ Kf8 40.Rf7+  1-0

[Event "Minsk Int"]
[Site "Minsk"]
[Date "1986.??.??"]
[Round "?"]
[White "Psakhis, Lev"]
[Black "Kupreichik, Viktor D"]
[Result "1-0"]
[WhiteElo "2555"]
[BlackElo "2490"]

1.e4 e5 2.Nf3 Nc6 3.Bc4 Nf6 4.d3 Be7 5.O-O O-O 6.Bb3 d6 7.c3 Bg4 8.h3 Bh5
9.Re1 Nd7 10.Be3 Kh8 11.Nbd2 f6 12.d4 Nb6 13.Qb1 exd4 14.Nxd4 Nxd4 15.Bxd4 c5
16.Be3 d5 17.exd5 f5 18.Bf4 Bg5 19.Bxg5 Qxg5 20.Qd3 Rae8 21.d6 Rd8 22.Nc4 Nxc4
23.Bxc4 f4 24.d7 f3 25.g3 Bg6 26.Qd6 Bf5 27.Re5 Qg6 28.Be6 Bxh3 29.Qxf8+ Rxf8
30.Bxh3 h6 31.Rae1 Kh7 32.Re8 Qh5 33.Kh2 Qd5 34.Rxf8  1-0

[Event "Minsk Int"]
[Site "Minsk"]
[Date "1986.??.??"]
[Round "?"]
[White "Gross, Stefan"]
[Black "Psakhis, Lev"]
[Result "1/2-1/2"]
[WhiteElo "2410"]
[BlackElo "2555"]

1.Nf3 f5 2.d4 d6 3.g3 Nf6 4.Bg2 g6 5.c3 Bg7 6.Qb3 c6 7.Ng5 d5 8.h4 O-O 9.Bf4 Qb6
10.Nd2 Qxb3 11.axb3 h6 12.Bxb8 Rxb8 13.Ngf3 Ra8 14.Ne5 Kh7 15.f4 Ne4 16.Bxe4 fxe4
17.b4 Bf5 18.Nf1 Bxe5 19.fxe5 Kg7 20.Kd2 Bd7 21.Ke3 Rf5 22.Nd2 g5 23.Rhf1 Kg6
24.Rxf5 Bxf5 25.c4 gxh4 26.gxh4 Kh5 27.Rg1 Kxh4 28.Rg7 Re8 29.Nb1 h5 30.Nc3 Be6
31.cxd5 cxd5 32.Nb5 Rg8 33.Rxe7 Rg3+ 34.Kf4 Rg4+ 35.Ke3 Rg3+ 36.Kf4 Rg4+
37.Ke3 Rg3+ 38.Kf4 Rg4+  1/2-1/2

[Event "Moscow"]
[Site "Moscow"]
[Date "1986.??.??"]
[Round "?"]
[White "Psakhis, Lev"]
[Black "Raicevic, Vladimir"]
[Result "1-0"]
[WhiteElo "2555"]
[BlackElo "2485"]

1.e4 e6 2.d3 d5 3.Nd2 Nf6 4.Ngf3 b6 5.e5 Nfd7 6.d4 c5 7.c3 Be7 8.Bb5 Ba6
9.a4 O-O 10.O-O Qc8 11.Qe2 Bxb5 12.axb5 a6 13.c4 Qb7 14.cxd5 Qxd5 15.dxc5 Nxc5
16.Nc4 Qb7 17.Bg5 Bxg5 18.Nxg5 h6 19.Nd6 Qe7 20.Nge4 Nxe4 21.Qxe4 Ra7 22.Qe3 axb5
23.Qxb6 Rxa1 24.Rxa1 Nd7 25.Qxb5 Rb8 26.Qe2 Qg5 27.Nc4 Nb6 28.Nxb6 Rxb6 29.g3 Qd8
30.h4 Qd5 31.h5 Qb7 32.Rb1 Rb3 33.Kh2 Qd5 34.Rc1 Rd3 35.b4 Rd2 36.Qe3 Rb2
37.Rc8+ Kh7 38.Rc5 Qb7 39.b5 Kg8 40.Qd4 Ra2 41.Rc6 Qxb5 42.Rc8+ Kh7 43.Qe4+  1-0

[Event "Moscow"]
[Site "Moscow"]
[Date "1986.??.??"]
[Round "?"]
[White "Inkiov, Ventzislav"]
[Black "Psakhis, Lev"]
[Result "1/2-1/2"]
[WhiteElo "2465"]
[BlackElo "2555"]

1.d4 e6 2.c4 f5 3.Nc3 Nf6 4.e3 Bb4 5.Qc2 O-O 6.Bd3 c5 7.Ne2 d6 8.O-O Nc6
9.a3 Bxc3 10.Qxc3 e5 11.dxc5 dxc5 12.Bc2 Qe7 13.b4 cxb4 14.axb4 Qxb4 15.Ba3 Qxc3
16.Nxc3 Rf7 17.Nb5 Ne8 18.Nd6 Nxd6 19.Bxd6 Be6 20.c5 Nb4 21.Ba4 e4 22.Rfb1 Nd3
23.c6 bxc6 24.Bxc6 Rd8 25.Rb8 Rxb8 26.Bxb8 Nb4 27.Ba4 Rb7 28.Be5 Kf7 29.h3 Bc4
30.Bd4 Ke6 31.g4 g6 32.gxf5+ gxf5 33.h4 a6 34.h5 Nd3 35.h6 Ne5 36.Bd1 Bd3
37.Kh2 Rb8  1/2-1/2

[Event "Moscow"]
[Site "Moscow"]
[Date "1986.??.??"]
[Round "?"]
[White "Eingorn, Vereslav S"]
[Black "Psakhis, Lev"]
[Result "1/2-1/2"]
[WhiteElo "2560"]
[BlackElo "2555"]

1.d4 e6 2.c4 Nf6 3.Nf3 b6 4.g3 Ba6 5.b3 Bb4+ 6.Bd2 Be7 7.Bc3 d5 8.cxd5 exd5
9.Bg2 Ne4 10.O-O O-O 11.Bb2 Nd7 12.Qc2 f5 13.Nc3 Bb7 14.Rad1 c6 15.e3 Bd6
16.Ne5 Nxe5 17.dxe5 Bxe5 18.Nxe4 Bxb2 19.Qxb2 fxe4 20.Bxe4 Qf6 21.Qxf6 Rxf6
22.Bg2 Re8 23.Rd2 a5 24.Rc1 Kf7 25.a3 Re7 26.Ra2 Ba6 27.Rac2 Ree6 28.Rd2 Ke7
29.h4 h6 30.Re1 Kf8 31.h5 Re5 32.f4 Re8 33.Kf2 Bc8 34.Bf3 Bf5 35.b4 axb4
36.axb4 b5 37.Rc1 Be4 38.Rc3 Bxf3 39.Kxf3 Ra8 40.Rd4 Ra1 41.e4 dxe4+ 42.Rxe4 Rd6
43.Rce3 Ra7 44.Kg4 Kf7 45.Re5 Rad7 46.Rc3 Rf6 47.Rce3 Rfd6 48.Rc5 Ra7 49.Rf5+ Rf6
50.Rc3 Ra6 51.Rd3 Ke7 52.Re5+ Re6 53.Kf5 Rxe5+ 54.Kxe5 Ra4 55.Rb3 Ra1 56.Kf5 Kf7
57.Rc3 Ra6 58.Ke5 Ra4 59.Rb3 Ra1 60.Rd3 Re1+ 61.Kf5 Re7 62.g4 c5 63.bxc5 b4
64.g5 hxg5 65.fxg5 Rc7 66.g6+ Ke7 67.Re3+ Kf8 68.Rf3 Rxc5+ 69.Ke6+ Kg8 70.Rd3 Rc8
71.Kd7 Rf8 72.Rd4 Ra8 73.Rxb4 Rf8 74.Re4 Ra8 75.Re8+ Rxe8 76.Kxe8 Kh8 77.Kf7  1/2-1/2

[Event "Moscow"]
[Site "Moscow"]
[Date "1986.??.??"]
[Round "?"]
[White "Arkhipov, Sergey"]
[Black "Psakhis, Lev"]
[Result "1/2-1/2"]
[WhiteElo "2545"]
[BlackElo "2555"]

1.e4 c5 2.d3 Nc6 3.g3 d5 4.exd5 Qxd5 5.Nf3 Nd4 6.Bg2 Bh3 7.O-O Bxg2 8.Kxg2 g6
9.Be3 Bg7 10.c3 Nxf3 11.Qxf3 O-O-O 12.Nd2 Nf6 13.Ne4 Nd7 14.Ng5 Qxf3+ 15.Nxf3 b6
16.Rfe1 e6 17.Ng5 Rdf8 18.Rad1 h6 19.Ne4 Nf6 20.Nd6+ Kd7 21.Nc4 Nd5 22.Bc1 Ke7
23.Ne3 Rd8 24.h4 Nxe3+ 25.Bxe3 Rd5 26.Kf3 Rhd8 27.Ke2 h5 28.Bg5+ Bf6 29.Bxf6+ Kxf6
30.Rd2 Kf5 31.f3 e5 32.Ke3 f6 33.Rh1 Ke6 34.Rhd1 Kf5 35.b3 R5d7 36.a4 Ke6
37.Rf1 f5 38.f4 exf4+ 39.gxf4 Kf6 40.Re1 Re8+ 41.Kf2 Re4 42.Rxe4 fxe4 43.d4 cxd4
44.cxd4 Kf5 45.Ke3 Rc7 46.d5 Rc3+ 47.Ke2 Rh3 48.d6 Ke6 49.d7 Rh2+ 50.Ke3 Rxd2
51.Kxd2 Kxd7 52.Ke3 Ke6 53.Kxe4 a5 54.Ke3  1/2-1/2

[Event "Moscow"]
[Site "Moscow"]
[Date "1986.??.??"]
[Round "?"]
[White "Suba, Mihai"]
[Black "Psakhis, Lev"]
[Result "1-0"]
[WhiteElo "2545"]
[BlackElo "2555"]

1.c4 e5 2.Nc3 Nf6 3.Nf3 Nc6 4.d3 d5 5.cxd5 Nxd5 6.g3 Be7 7.Bg2 Be6 8.O-O O-O
9.a3 Qd7 10.Bd2 f6 11.Rc1 Nxc3 12.Bxc3 a5 13.Qd2 a4 14.Qe3 Bd5 15.Rc2 Rfe8
16.Rfc1 Rad8 17.Bb4 Nxb4 18.Rxc7 Qb5 19.axb4 Bd6 20.R7c2 Bb3 21.Rc3 Bxb4
22.Rc7 Bd6 23.R7c3 Bb4 24.Rc7 Bd6 25.R7c3 Be6 26.R3c2 Rc8 27.Nd2 Rxc2 28.Rxc2 Rc8
29.Rxc8+ Bxc8 30.Nc4 Bc7 31.Qa7 Kf7 32.Qa8 Bg4 33.Bxb7 Bxe2 34.Bd5+ Kg6 35.Be4+ Kf7
36.Qc8 Qb8 37.Qd7+ Kg8 38.Qf5 Qe8 39.Qxh7+  1-0

[Event "Sarajevo"]
[Site "Sarajevo"]
[Date "1986.??.??"]
[Round "10"]
[White "Georgiev, Kiril"]
[Black "Psakhis, Lev"]
[Result "0-1"]
[WhiteElo "2545"]
[BlackElo "2555"]

1.d4 e6 2.e4 d5 3.Nc3 Bb4 4.a3 Bxc3+ 5.bxc3 dxe4 6.Qg4 Nf6 7.Qxg7 Rg8 8.Qh6 Nbd7
9.Ne2 c5 10.g3 b6 11.Bg2 Bb7 12.O-O Qe7 13.a4 Ng4 14.Qf4 f5 15.a5 Ndf6 16.c4 cxd4
17.Ba3 Qd7 18.h3 e5 19.Qc1 f4 20.Nxf4 Nxf2 21.Nh5 Nxh5 22.Qh6 Nxg3 23.Rxf2 O-O-O
24.a6 Ba8 25.Kh2 Rg6 26.Qf8 e3 27.Bxa8 exf2 28.Qxf2 Qf5 29.Qxf5+ Nxf5 30.Be4 Ne3
31.c5 b5 32.c6 Rf6 33.Rg1 Nf1+ 34.Kh1 Nd2 35.Bxh7 Rxc6 36.Bb4 Nc4 37.Ra1 Ne3
38.Be4 Nxc2 39.Bxc6 Nxa1 40.Bb7+ Kb8 41.Kg2 Nc2 42.Be7 Rd7 43.Bf6 Ne3+ 44.Kg3 Nc4  0-1

[Event "URS-ch sf"]
[Site "Sevastopol"]
[Date "1986.??.??"]
[Round "?"]
[White "Osnos, Viatcheslav"]
[Black "Psakhis, Lev"]
[Result "1/2-1/2"]
[WhiteElo "2435"]
[BlackElo "2555"]

1.c4 f5 2.d4 d6 3.Nf3 Nf6 4.Bg5 Nbd7 5.d5 Ne4 6.Be3 e5 7.dxe6 Ndc5 8.Nbd2 Bxe6
9.Nd4 Bd7 10.g3 Qe7 11.Bg2 g6 12.Nxe4 Nxe4 13.Nb5 Bxb5 14.cxb5 Bg7 15.Bd4 O-O-O
16.O-O Kb8 17.e3 Bxd4 18.Qxd4 Qf6 19.Bxe4 Qxd4 20.exd4 fxe4 21.d5 Rde8 22.Rfe1 Re5
23.Rad1 Rhe8 24.Re3 b6 25.Rd4 Kb7 26.a4 a6 27.bxa6+ Kxa6 28.b4 R8e7 29.Kg2 Re8
30.Rc3 R8e7  1/2-1/2

[Event "Szirak"]
[Site "Szirak"]
[Date "1986.??.??"]
[Round "?"]
[White "Psakhis, Lev"]
[Black "Flear, Glenn C"]
[Result "1/2-1/2"]
[WhiteElo "2555"]
[BlackElo "2505"]

1.e4 e5 2.Nf3 Nc6 3.Bc4 Nf6 4.d3 Be7 5.O-O O-O 6.Re1 d6 7.Bb3 Na5 8.Ba4 c5
9.c3 a6 10.d4 b5 11.Bc2 Qc7 12.Nbd2 cxd4 13.cxd4 Bg4 14.h3 Bh5 15.d5 Rfc8
16.Bd3 Nb7 17.Nf1 Nc5 18.Bb1 Bg6 19.Ng3 Bd8 20.Bc2 Ncd7 21.Re2 Nh5 22.Nxh5  1/2-1/2

[Event "Szirak"]
[Site "Szirak"]
[Date "1986.??.??"]
[Round "?"]
[White "Psakhis, Lev"]
[Black "Hazai, Laszlo"]
[Result "1/2-1/2"]
[WhiteElo "2555"]
[BlackElo "2480"]

1.d4 Nf6 2.Nf3 g6 3.c3 Bg7 4.Bg5 d6 5.Nbd2 O-O 6.e4 Nc6 7.Bb5 Bd7 8.O-O Qe8
9.a4 e5 10.d5 Nb8 11.Bxf6 Bxf6 12.Qe2 a6 13.Bxd7 Nxd7 14.a5 Qe7 15.b4 Bg5
16.c4 f5 17.Rac1 Bh6 18.Rc2 Rf7 19.g3 Raf8 20.Nh4  1/2-1/2

[Event "Szirak"]
[Site "Szirak"]
[Date "1986.??.??"]
[Round "?"]
[White "Psakhis, Lev"]
[Black "Pinter, Jozsef"]
[Result "1-0"]
[WhiteElo "2555"]
[BlackElo "2555"]

1.e4 c5 2.Nf3 d6 3.d4 cxd4 4.Nxd4 Nf6 5.Nc3 a6 6.f4 Qc7 7.Be2 e6 8.O-O Be7
9.Bf3 O-O 10.Be3 Nc6 11.Nxc6 bxc6 12.Na4 Nd7 13.c4 c5 14.Nc3 Bb7 15.Qc2 Bf6
16.Rad1 Rfd8 17.Rd3 Rac8 18.b3 Nb8 19.e5 dxe5 20.Bxb7 Qxb7 21.Ne4 Be7 22.Rxd8+ Rxd8
23.fxe5 Nd7 24.Rd1 Qc7 25.Qc3 h6 26.h3 Qc6 27.Nf2 Qc7 28.Ne4 Qc6 29.Nf2 Qc7
30.Bf4 Nf8 31.Rxd8 Qxd8 32.Nd3 Qc7 33.Qe1 Qd8 34.Qe4 Qa5 35.Qe2 Ng6 36.Bg3 Nf8
37.Be1 Qc7 38.Qe4 Qd8 39.Kf1 Qc8 40.Ke2 Nd7 41.Kd1 Bf8 42.Kc2 g6 43.Bc3 Bg7
44.a3 Bf8 45.b4 cxb4 46.axb4 Nb6 47.Kb3 Qe8 48.Nb2 Qd7 49.Bd4 Nc8 50.Be3 Ne7
51.Qa8 Qc6 52.Qxc6 Nxc6 53.Nd3 Bg7 54.Ka4 Kf8 55.Bc5+ Ke8 56.Bd6 f6 57.exf6 Bxf6
58.Nc5 e5 59.Nxa6 e4 60.b5 Be5 61.Bc5 Nd4 62.Bxd4 Bxd4 63.Kb3 Kd7 64.c5 h5
65.g4 hxg4 66.hxg4 g5 67.Kc4 e3 68.Kd3  1-0

[Event "Yerevan"]
[Site "Yerevan"]
[Date "1986.??.??"]
[Round "?"]
[White "Taimanov, Mark E"]
[Black "Psakhis, Lev"]
[Result "0-1"]
[WhiteElo "2500"]
[BlackElo "2555"]

1.d4 e6 2.c4 Nf6 3.Nc3 c5 4.Nf3 cxd4 5.Nxd4 Bb4 6.Bd2 O-O 7.g3 Qb6 8.e3 Nc6
9.Nc2 Be7 10.Be2 d5 11.cxd5 exd5 12.O-O Bf5 13.Na4 Qd8 14.Nd4 Bh3 15.Re1 Ne4
16.Nxc6 bxc6 17.Nc3 f5 18.Rc1 Bd6 19.Nxe4 fxe4 20.Bg4 Bxg4 21.Qxg4 Qf6 22.Re2 c5
23.Be1 Rad8 24.Rd1 Qf7 25.Red2 Be7 26.a3 h5 27.Qe2 h4 28.b4 cxb4 29.axb4 Bxb4
30.Ra2 Bc5 31.Bc3 Rd6 32.Ra5 Bb6 33.Bb4 Bxa5 34.Bxd6 Rd8 35.Bc5 Bb6 36.Bxb6 axb6
37.Qg4 Rf8 38.Rd2 hxg3 39.hxg3 Qf5 40.Qf4 Rf6 41.Qxf5 Rxf5 42.g4 Re5 43.f4 exf3
44.Kf2 Kf7 45.Kxf3 Kf6 46.Rd1 Ke7 47.Rb1 Re6 48.Rb5 Rd6 49.Rb1 Kd7 50.e4 Rf6+
51.Ke3 Re6 52.e5 Rxe5+ 53.Kd4 Re6 54.Kxd5 Rg6 55.Ke5 Kc6 56.Rc1+ Kb7 57.Kf5 Rf6+
58.Ke5 b5 59.Rb1 Kb6 60.g5 Rf2 61.Rd1 b4 62.Rd6+ Kc5 63.Rd7 g6 64.Rc7+ Kb5
65.Kd4 Rf5 66.Rb7+ Kc6  0-1

[Event "Jurmala"]
[Site "Jurmala"]
[Date "1987.??.??"]
[Round "?"]
[White "Psakhis, Lev"]
[Black "Casper, Thomas"]
[Result "1-0"]
[WhiteElo "2575"]
[BlackElo "2435"]

1.c4 Nf6 2.Nf3 g6 3.b3 Bg7 4.Bb2 O-O 5.g3 d6 6.d4 Nbd7 7.Bg2 e5 8.O-O Qe7
9.e3 Re8 10.Nc3 c6 11.a4 exd4 12.exd4 Qd8 13.a5 Nf8 14.Re1 Rxe1+ 15.Nxe1 d5
16.cxd5 cxd5 17.Nd3 Bg4 18.Qd2 Ne6 19.Ne5 Bf5 20.Nd1 Ne4 21.Qb4 Bxe5 22.dxe5 N4c5
23.Ne3 Be4 24.Rd1 Nd3 25.Rxd3 Bxd3 26.Bxd5 Rb8 27.Ng4 Bf5 28.Nf6+ Kg7 29.g4 Bb1
30.Qe1 Ba2 31.Qe3 Rc8 32.Bc1 Rxc1+ 33.Qxc1 Qxa5 34.h3 Nd4 35.Kh2 Qd8 36.Qb2 Qb6
37.Qxa2 Qc7 38.f4 Qc3 39.Qf2 b5 40.Ne8+ Kf8 41.Nd6  1-0

[Event "Jurmala"]
[Site "Jurmala"]
[Date "1987.??.??"]
[Round "?"]
[White "Bagirov, Vladimir"]
[Black "Psakhis, Lev"]
[Result "1/2-1/2"]
[WhiteElo "2470"]
[BlackElo "2575"]

1.d4 e6 2.c4 Nf6 3.Nc3 Bb4 4.e3 c5 5.Ne2 d5 6.a3 Bxc3+ 7.Nxc3 cxd4 8.exd4 dxc4
9.Bxc4 Nc6 10.Be3 O-O 11.O-O b6 12.Qd3 Bb7 13.Rad1 h6 14.f3 Ne7 15.Ba2  1/2-1/2

[Event "Moscow TV"]
[Site "Moscow"]
[Date "1987.??.??"]
[Round "?"]
[White "Psakhis, Lev"]
[Black "Tukmakov, Vladimir B"]
[Result "1-0"]
[WhiteElo "2575"]
[BlackElo "2575"]

1.e4 e5 2.Nf3 Nc6 3.Bc4 Bc5 4.c3 Nf6 5.b4 Bb6 6.d3 d6 7.O-O O-O 8.Bb3 a5
9.b5 Ne7 10.Na3 Bd7 11.h3 h6 12.Re1 Ng6 13.d4 Re8 14.Bc2 Re7 15.Rb1 Qe8 16.Nc4 Bxb5
17.Nxb6 cxb6 18.a4 Ba6 19.Rxb6 Qd8 20.Rb3 Rc8 21.Bd2 Rec7 22.Qb1 Qd7 23.Rb6 Nh5
24.Kh2 Nhf4 25.d5 Ne2 26.c4 Nd4 27.Bd1 Nxf3+ 28.Bxf3 Qxa4 29.Rxd6 Rxc4 30.Qb6 Qc2
31.Qxa5 Kh7 32.Be3 Nh4 33.Qb6 f6 34.Rd7 Nxf3+ 35.gxf3 R4c7 36.Rxc7 Qxc7 37.Qe6 Re8
38.Bb6 Qc2 39.Rg1 Rg8 40.d6 Qd3 41.d7 Bb5 42.Qxg8+ Kxg8 43.d8=Q+ Qxd8 44.Bxd8 Kf7
45.Bc7 g5 46.Rb1 Bc6  1-0

[Event "URS-FL"]
[Site "Sverdlovsk"]
[Date "1987.??.??"]
[Round "?"]
[White "Malaniuk, Vladimir P"]
[Black "Psakhis, Lev"]
[Result "1/2-1/2"]
[WhiteElo "2545"]
[BlackElo "2575"]

1.e4 e6 2.d4 d5 3.exd5 exd5 4.Bd3 Bd6 5.c3 c6 6.Qf3 Qf6 7.Qxf6 Nxf6 8.Ne2 O-O
9.Bf4 Ne8 10.Bg3 g6 11.Nd2 Bxg3 12.hxg3 Nd6 13.f3 Bf5 14.Bxf5 Nxf5 15.Kf2 Nd7
16.Nf4 Kg7 17.Rae1 Rae8 18.Nd3 Nd6 19.Rxe8 Rxe8 20.Re1  1/2-1/2

[Event "URS-FL"]
[Site "Sverdlovsk"]
[Date "1987.??.??"]
[Round "?"]
[White "Psakhis, Lev"]
[Black "Dokhoian, Yury"]
[Result "1/2-1/2"]
[WhiteElo "2575"]
[BlackElo "2525"]

1.e4 e6 2.d4 d5 3.Nc3 Nf6 4.e5 Nfd7 5.f4 c5 6.Nf3 Nc6 7.Be3 cxd4 8.Nxd4 Bc5
9.Qd2 O-O 10.O-O-O a6 11.Be2 Bxd4 12.Bxd4 b5 13.b3 Bb7 14.Kb2 Rc8 15.h4 Qe7
16.Qe3 Rc7 17.Bd3 Nxd4 18.Qxd4 b4 19.Ne2 Nc5 20.h5 Rfc8 21.Rc1  1/2-1/2

[Event "URS-FL"]
[Site "Sverdlovsk"]
[Date "1987.??.??"]
[Round "?"]
[White "Psakhis, Lev"]
[Black "Loginov, Valery A"]
[Result "1-0"]
[WhiteElo "2575"]
[BlackElo "2355"]

1.e4 c5 2.Nf3 d6 3.c3 Nf6 4.Be2 e6 5.O-O Be7 6.Re1 O-O 7.Bf1 Nc6 8.d4 cxd4
9.cxd4 d5 10.e5 Ne4 11.Nc3 Nxc3 12.bxc3 Bd7 13.Bd3 Na5 14.h4 Rc8 15.Ng5 h6
16.Nh7 Rxc3 17.Nxf8 Bxf8 18.Re3 Qxh4 19.Rh3 Qd8 20.Qg4 Kh8 21.Bg5  1-0

[Event "URS-FL"]
[Site "Sverdlovsk"]
[Date "1987.??.??"]
[Round "?"]
[White "Psakhis, Lev"]
[Black "Tseshkovsky, Vitaly"]
[Result "1/2-1/2"]
[WhiteElo "2575"]
[BlackElo "2485"]

1.e4 e5 2.Nf3 Nc6 3.Bb5 a6 4.Ba4 Nf6 5.O-O Be7 6.Re1 b5 7.Bb3 O-O 8.h3 Bb7
9.d3 d6 10.c3 Na5 11.Bc2 c5 12.Nbd2 Re8 13.Nf1 h6 14.Ng3 Bf8 15.d4 Nc4 16.d5 Nb6
17.Nh2 Bc8 18.Rf1 Nh7 19.f4 exf4 20.Bxf4 Nc4 21.b3 Ne5 22.Nf3 Nxf3+ 23.Qxf3 Ra7
24.Nf5 Bxf5 25.exf5 Qh4 26.a4 Rae7 27.axb5 axb5 28.Bd3 Ng5 29.Qf2 Qxf2+ 30.Rxf2 Ne4
31.Rc2 c4 32.bxc4 Nc5 33.Bf1 Re4 34.Bg3 bxc4 35.Rb1 h5 36.Rb6 h4 37.Bf2 Be7  1/2-1/2

[Event "URS-FL"]
[Site "Sverdlovsk"]
[Date "1987.??.??"]
[Round "?"]
[White "Timoshchenko, Gennadi A"]
[Black "Psakhis, Lev"]
[Result "1/2-1/2"]
[WhiteElo "2490"]
[BlackElo "2575"]

1.d4 Nf6 2.c4 e6 3.Nc3 Bb4 4.e3 b6 5.Ne2 c5 6.a3 Ba5 7.Rb1 Na6 8.Bd2 O-O
9.Nf4 Bxc3 10.Bxc3 Ne4 11.Rc1 Bb7 12.Be2 Qg5 13.Bf3 Nxc3 14.Rxc3 Bxf3 15.Qxf3  1/2-1/2

[Event "Berlin op"]
[Site "Berlin-West"]
[Date "1988.??.??"]
[Round "1"]
[White "Psakhis, Lev"]
[Black "Franke, Heribert"]
[Result "1-0"]
[WhiteElo "2560"]
[BlackElo "2360"]

1.e4 e6 2.d4 d5 3.Nd2 Nf6 4.e5 Nfd7 5.c3 c5 6.f4 Nc6 7.Ndf3 Qb6 8.h4 f6 9.Bd3 cxd4
10.cxd4 Bb4+ 11.Ke2 O-O 12.Be3 a5 13.Qc2 f5 14.g4 Ndb8 15.a3 Be7 16.Kf2 Bd7
17.gxf5 exf5 18.Ne2 Na6 19.Rag1 Rac8 20.Qb1 Rf7 21.h5 Nc7 22.Rg6 Qa7 23.Nc3 Rb8
24.Qa2 Be6 25.Rxe6 Nxe6 26.Nxd5 b5 27.Nf6+ Bxf6 28.Qxe6 Nd8 29.Qd5 Be7 30.Bxf5  1-0

[Event "Berlin op"]
[Site "Berlin-West"]
[Date "1988.??.??"]
[Round "2"]
[White "Mertins, Klaus"]
[Black "Psakhis, Lev"]
[Result "0-1"]
[WhiteElo "2225"]
[BlackElo "2560"]

1.d4 Nf6 2.Nf3 e6 3.c4 c5 4.e3 d5 5.Nc3 Nc6 6.a3 a6 7.dxc5 Bxc5 8.b4 Bd6
9.Bb2 O-O 10.cxd5 exd5 11.Be2 Re8 12.O-O Bg4 13.b5 Na5 14.bxa6 bxa6 15.Na4 Ne4
16.Bd4 Rb8 17.Ra2 Re6 18.h3 Bf5 19.Nc3 Rg6 20.Kh1 Rh6 21.Nxe4 dxe4 22.Ng1 Qh4
23.f4 exf3 24.Nxf3 Qe7 25.Rb2 Re8 26.Qa4 Bc7 27.Rc1 Bd7 28.Qb4 Qd8 29.Bxg7 Nc6
30.Qc3 Ba5 31.Rb4 Rg6 32.Bd4 Bxb4 33.axb4 Nxd4 34.Qxd4 Bc6 35.Bd3 Qxd4 36.Nxd4 Bxg2+
37.Kh2 Be4 38.Bxe4 Rxe4 39.Nf5 Re8 40.Rc7 Kf8 41.Rd7 h5 42.Nd6 Ree6 43.Nxf7 Rxe3
44.h4 Re2+ 45.Kh3 Rg7  0-1

[Event "Berlin op"]
[Site "Berlin-West"]
[Date "1988.??.??"]
[Round "3"]
[White "Psakhis, Lev"]
[Black "Vera, Reynaldo"]
[Result "1/2-1/2"]
[WhiteElo "2560"]
[BlackElo "2455"]

1.e4 e6 2.d4 d5 3.Nc3 Nf6 4.Bg5 Be7 5.e5 Nfd7 6.Bxe7 Qxe7 7.f4 O-O 8.Nf3 c5
9.dxc5 Nc6 10.Bd3 f6 11.exf6 Qxf6 12.g3 Nxc5 13.O-O Bd7 14.Qd2 Nxd3 15.cxd3 e5
16.Nxe5 Nxe5 17.fxe5 Qxe5 18.d4 Qh5 19.Rxf8+ Rxf8 20.Rf1 Rxf1+ 21.Kxf1 Qf3+
22.Kg1 h6 23.Qe2 Qf5 24.a3  1/2-1/2

[Event "Berlin op"]
[Site "Berlin-West"]
[Date "1988.??.??"]
[Round "4"]
[White "Psakhis, Lev"]
[Black "Farago, Ivan"]
[Result "1/2-1/2"]
[WhiteElo "2560"]
[BlackElo "2480"]

1.e4 e6 2.d4 d5 3.Nd2 Nf6 4.e5 Nfd7 5.f4 c5 6.c3 Nc6 7.Ndf3 Qb6 8.h4 a5 9.a4 cxd4
10.cxd4 Ndb8 11.h5 h6 12.Bd3 Bd7 13.Ne2 Na6 14.O-O O-O-O 15.Kh1 Be7 16.Be3 Kb8
17.g4 Nc7 18.Qd2 Qb4 19.Nc3 f6 20.Qh2 fxe5 21.fxe5 Rhf8 22.Nb5 Nxb5 23.Bxb5 Qb3
24.Qe2  1/2-1/2

[Event "Berlin op"]
[Site "Berlin-West"]
[Date "1988.??.??"]
[Round "8"]
[White "Radulov, Ivan"]
[Black "Psakhis, Lev"]
[Result "1/2-1/2"]
[WhiteElo "2450"]
[BlackElo "2560"]

1.e4 c5 2.Nf3 e6 3.d4 cxd4 4.Nxd4 Nf6 5.Bd3 Nc6 6.Nxc6 dxc6 7.Nd2 e5 8.Nc4 Bc5
9.O-O Qe7 10.Be3 Bxe3 11.Nxe3 Be6 12.Qe2 O-O 13.Rfd1 a5 14.a4 Rfd8 15.Nc4 Qc5
16.Qe3 Rd4 17.Nd2 Ng4 18.Qe2 Rd7 19.h3 Nf6 20.Nc4 Bxc4 21.Bxc4 Rad8 22.Rxd7 Rxd7
23.c3 g6 24.g3 Kg7 25.Kg2 h5 26.h4 Ng4 27.Ba2 Qb6 28.Rc1 Qd8 29.Rc2 g5 30.hxg5 Qxg5
31.Qf3 Kh6 32.Re2 h4 33.Kh3 Rd1 34.Bb3 Rg1 35.Re3 hxg3 36.Qxg3 Nf6 37.Qxg5+ Rxg5
38.Rg3 Rh5+ 39.Kg2 Rh4 40.f3 Rh5 41.Bc4 Rg5 42.Rxg5 Kxg5 43.Kg3 b6 44.Ba2 Kg6  1/2-1/2

[Event "Calcutta"]
[Site "Calcutta"]
[Date "1988.??.??"]
[Round "?"]
[White "Psakhis, Lev"]
[Black "Murugan, Krishnamoorthy"]
[Result "1-0"]
[WhiteElo "2550"]
[BlackElo "2325"]

1.e4 c5 2.Nf3 e6 3.Nc3 d6 4.g3 Nc6 5.Bg2 a6 6.O-O Be7 7.d4 cxd4 8.Nxd4 Bd7
9.Nxc6 Bxc6 10.a4 Nf6 11.a5 O-O 12.Be3 Nd7 13.Qe2 Rc8 14.Rfd1 Qc7 15.Rd2 Rfe8
16.h3 Bf8 17.Kh2 Be7 18.Ra2 Bf8 19.Bd4 Be7 20.Be3 Bf8 21.Kh1 Be7 22.Kg1 Bf8
23.Ra1 Be7 24.Kh2 Bf8 25.Qf1 Be7 26.Na4 Bb5 27.Qb1 Bf6 28.Nb6 Nxb6 29.Bxb6 Qb8
30.Qa2 Bg5 31.f4 Bf6 32.Rad1 e5 33.f5 Bg5 34.Rf2 Rc4 35.c3 Rc6 36.Bf1 Bxf1
37.Rfxf1 Qc8 38.Qd5 Rc4 39.Rfe1 Be7 40.Rd3 Qc6 41.Kg2 Qxd5 42.Rxd5 f6 43.Kf3 Kf7
44.Ke3 g6 45.g4 gxf5 46.gxf5 Rg8 47.Kd3 Rcc8 48.Rg1 Rxg1 49.Bxg1 Rg8 50.Bf2 Rg2
51.Ke2 Rh2 52.Rd3 Rh1 53.c4 Rc1 54.Rb3 Rxc4 55.Rxb7 Rxe4+ 56.Kd3 Ra4 57.b4 Ke8
58.Kc4 d5+ 59.Kxd5 Bxb4 60.Ke6 Kd8 61.Bb6+  1-0

[Event "Calcutta"]
[Site "Calcutta"]
[Date "1988.??.??"]
[Round "?"]
[White "Psakhis, Lev"]
[Black "Mithrakanth, Poorna Sharma"]
[Result "1-0"]
[WhiteElo "2550"]
[BlackElo "2320"]

1.e4 e5 2.Nf3 Nc6 3.Bb5 a6 4.Bxc6 bxc6 5.O-O d6 6.d4 exd4 7.Qxd4 Ne7 8.Bg5 f6
9.Bd2 Be6 10.Nc3 Qd7 11.Qd3 c5 12.Rfe1 Nc6 13.Nd5 Be7 14.Bc3 O-O 15.Nh4 Bd8
16.f4 Qf7 17.Rad1 Ne7 18.f5 Bc8 19.Nf4 Nc6 20.Re3 Ne5 21.Qe2 Qc4 22.Qh5 Qxa2
23.Rh3 Nf7 24.Nhg6 Ng5 25.Nxf8 Nxh3+ 26.Qxh3 Kxf8 27.Qxh7 Qg8 28.Ng6+ Kf7
29.Qh5 Bb7 30.e5 fxe5 31.Bxe5 Ke8 32.Bxd6 cxd6 33.Rxd6 Be7 34.Ne5+  1-0

[Event "Calcutta"]
[Site "Calcutta"]
[Date "1988.??.??"]
[Round "?"]
[White "Watson, William N"]
[Black "Psakhis, Lev"]
[Result "1/2-1/2"]
[WhiteElo "2535"]
[BlackElo "2550"]

1.e4 e6 2.d4 d5 3.Nd2 c5 4.exd5 exd5 5.Ngf3 Nc6 6.Bb5 Bd6 7.dxc5 Bxc5 8.Nb3 Bd6
9.O-O Ne7 10.Re1 O-O 11.Bg5 Bg4 12.Be2 Re8 13.c3 h6 14.Bh4 Qb6 15.Nfd4 Bxe2
16.Rxe2 Nxd4 17.Nxd4 Nc6 18.Nf5 Bf8 19.Rxe8 Rxe8 20.Nxh6+ gxh6 21.Qg4+ Kh7
22.Qf5+ Kg8  1/2-1/2

[Event "Calcutta"]
[Site "Calcutta"]
[Date "1988.??.??"]
[Round "?"]
[White "Psakhis, Lev"]
[Black "Mishra, Neeraj Kumar"]
[Result "1/2-1/2"]
[WhiteElo "2550"]
[BlackElo "2335"]

1.e4 c5 2.Nf3 e6 3.d3 Nc6 4.g3 d6 5.Bg2 Nf6 6.O-O Be7 7.c3 O-O 8.Re1 Rb8
9.d4 d5 10.exd5 Nxd5 11.c4 Nb6 12.Bf4 Ra8 13.dxc5 Bxc5 14.Nbd2 f6 15.Qe2 e5
16.Be3 Bxe3 17.Qxe3 Be6 18.b3 Qe7 19.Ne4 Rad8 20.Rad1 Nc8 21.Qc5 Rxd1 22.Rxd1 Rd8
23.Rd2 Rxd2 24.Nfxd2 Qd8 25.Qe3 N8e7 26.Qc3 Nd4 27.Qb4 b6 28.Qd6 Qxd6 29.Nxd6 Nc8
30.Nxc8 Bxc8 31.Ne4 Kf8 32.c5 bxc5 33.Nxc5 Ke7 34.Kf1 Kd6 35.Ne4+ Kc7 36.Nc3 Kb6
37.Be4  1/2-1/2